Geografie Auswahlquiz - Statistiken

Allgemein
  • Dieses Quiz wurde 748 mal gespielt
  • Das Durchschnittsergebnis liegt bei 65 aus 80
Antwortstatistiken
Frage Kachel Select % Korrekt
Wähle alle Länder aus. Brasilien Ja
98%
Wähle alle Länder aus. China Ja
97%
Wähle alle Länder aus. Europa Nein
97%
Wähle alle Länder aus. Kanada Ja
97%
Wähle alle Länder aus. Mars Nein
97%
Wähle alle Länder aus. Russland Ja
97%
Wähle alle Länder aus. Asien Nein
96%
Wähle alle Länder aus. Nordamerika Nein
96%
Wähle alle Länder aus. Tokio Nein
96%
Wähle alle Länder aus. Afrika Nein
95%
Wähle alle Länder aus. Delhi Nein
95%
Wähle alle Flüsse aus. Los Angeles Nein
94%
Wähle alle Länder aus. São Paulo Nein
94%
Wähle alle Länder aus. Manila Nein
93%
Wähle alle Flüsse aus. Nordsee Nein
93%
Wähle alle Flüsse aus. Ostsee Nein
93%
Wähle alle Flüsse aus. Schwarzes Meer Nein
93%
Wähle alle Länder aus. Südamerika Nein
93%
Wähle alle Flüsse aus. Viskosität Nein
93%
Wähle alle Flüsse aus. Donau Ja
92%
Wähle alle Berge aus. Donau Nein
92%
Wähle alle Länder aus. Jakarta Nein
92%
Wähle alle Flüsse aus. Kaspisches Meer Nein
92%
Wähle alle Flüsse aus. Mexiko Nein
92%
Wähle alle Flüsse aus. Myanmar Nein
92%
Wähle alle Flüsse aus. Peru Nein
92%
Wähle alle Länder aus. Tansania Ja
92%
Wähle alle Flüsse aus. Elbe Ja
91%
Wähle alle Berge aus. Guatemala Nein
91%
Wähle alle Planeten aus Haumea Nein
91%
Wähle alle Planeten aus Jupiter Ja
91%
Wähle alle Städte aus Köln Ja
91%
Wähle alle Planeten aus Makemake Nein
91%
Wähle alle Planeten aus Merkur Ja
91%
Wähle alle Berge aus. Prominenz Nein
91%
Wähle alle Flüsse aus. Rhein Ja
91%
Wähle alle Planeten aus Saturn Ja
91%
Wähle alle Städte aus Berlin Ja
90%
Wähle alle Städte aus Hamburg Ja
90%
Wähle alle Planeten aus Mars Ja
90%
Wähle alle Berge aus. Mount Everest Ja
90%
Wähle alle Städte aus München Ja
90%
Wähle alle Städte aus Nordrhein-Westfalen Nein
90%
Wähle alle Berge aus. Tansania Nein
90%
Wähle alle Planeten aus Venus Ja
90%
Wähle alle Städte aus Wien Ja
90%
Wähle alle Planeten aus Neptun Ja
89%
Wähle alle Städte aus Salzburg Ja
89%
Wähle alle Planeten aus Uranus Ja
89%
Wähle alle Berge aus. Zugspitze Ja
89%
Wähle alle Städte aus Baden-Württemberg Nein
88%
Wähle alle Planeten aus Ceres Nein
88%
Wähle alle Planeten aus Erde Ja
88%
Wähle alle Planeten aus Eris Nein
88%
Wähle alle Städte aus Frankfurt am Main Ja
88%
Wähle alle Städte aus Innsbruck Ja
88%
Wähle alle Flüsse aus. Wolga Ja
88%
Wähle alle Städte aus Bayern Nein
87%
Wähle alle Flüsse aus. Neon Nein
87%
Wähle alle Flüsse aus. Teheran Nein
87%
Wähle alle Städte aus Hessen Nein
84%
Wähle alle Städte aus Steiermark Nein
84%
Wähle alle Städte aus Graz Ja
81%
Wähle alle Städte aus Linz Ja
80%
Wähle alle Berge aus. Mount Vinson Ja
78%
Wähle alle Städte aus Tirol Nein
78%
Wähle alle Berge aus. Mount Logan Ja
77%
Wähle alle Planeten aus Mond Nein
75%
Wähle alle Planeten aus Sonne Nein
74%
Wähle alle Berge aus. Schartenhöhe Nein
54%
Wähle alle Planeten aus Pluto Nein
49%
Wähle alle Berge aus. Elbrus Ja
33%
Wähle alle Berge aus. Pico Cristóbal Colón Ja
31%
Wähle alle Flüsse aus. Petschora Ja
29%
Wähle alle Berge aus. Citlaltépetl Ja
26%
Wähle alle Berge aus. Denali Ja
22%
Wähle alle Berge aus. Aconcagua Ja
21%
Wähle alle Berge aus. Puncak Jaya Ja
21%
Wähle alle Berge aus. Kibo Ja
19%
Wähle alle Planeten aus Kepler-452b Ja
15%
Keine übereinstimmenden Quizze gefunden
Verteilung der Resultate
Anzahl Personen mit jedem Resultat
Perzentil nach korrekt beantworteten Fragen
Ihre Resultats-Entwicklung
Sie haben dieses Quiz noch nicht gespielt